header

Content manager Videocharger installation and integration for multiplatforms (Record no. 210156)

MARC details
000 -LEADER
fixed length control field 01513nam a22003734a 4500
082 04 - DEWEY DECIMAL CLASSIFICATION NUMBER
Classification number 006.7/876
245 00 - TITLE STATEMENT
Title Content manager Videocharger installation and integration for multiplatforms
250 ## - EDITION STATEMENT
Edition statement 1st ed.
260 ## - PUBLICATION, DISTRIBUTION, ETC. (IMPRINT)
Place of publication [San Jose, Calif.] :
Name of publisher IBM International Technical Support Organization,
Year of publication 2002.
300 ## - PHYSICAL DESCRIPTION
Number of Pages xviii, 280 p. :
Other physical details ill.
490 1# - SERIES STATEMENT
Series statement Redbooks
500 ## - GENERAL NOTE
General note "November 2002."
General note "Applies to version 8.1 ... program number 5724-B19"--T.p. verso.
General note "SG24-6410-00."
650 #0 - SUBJECT ADDED ENTRY--TOPICAL TERM
Topical Term Streaming technology (Telecommunications)
Topical Term Computer network resources.
700 1# - ADDED ENTRY--PERSONAL NAME
Personal name Wilkinson, Peter.
856 40 - ELECTRONIC LOCATION AND ACCESS
Uniform Resource Identifier http://site.ebrary.com/lib/rucke/Doc?id=10112381

No items available.

© 2026 Rongo University
Contact us: librarian | system librarian | Rongo university